000 00840nam a2200241 a 4500
001 BRCA_8480
003 FranzMayer
005 20230724103437.0
008 110416s1800----sp-#######---#000-0#lat-#
040 _aMFM
_besp
_cMFM
041 _alat
044 _asp
084 _aBE10
_b.C38 1800
100 1 _aCavallario, Dominico,
_d1724-1781
_921259
245 1 0 _aInstitutiones Juris Canonici
_bin tres partes, ac sex tomos distributae, quibus vetus et nova ecclesiae disciplina et mutationum causae enarrantur
_ca Dominico Cavallario.
260 _aMatriti
_bEx typographia regia
_c1800
300 _ax, 214 p. (t.1 y 2)
_c21.6 x 16 cm.
500 _aLibro en sala de exhibiciones artes decorativas 1, dentro del Museo Franz Mayer
546 _aTexto en : latín
650 1 4 _aDerecho canónico
_921260
902 _aCFM
942 _2lcc
_cB
999 _c8147
_d8147